[Event "St Veit op-A 28th"]
[White "Schober, Michael"]
[Black "Reiss, Georg"]
[Site "St Veit"]
[Round "1"]
[Result "0-1"]
[Date "2009.07.11"]
[WhiteElo "1930"]
[BlackElo "2148"]
[PlyCount "70"]
[EventDate "2009.07.11"]
[EventType "swiss"]
[EventRounds "9"]
[EventCountry "AUT"]
[SourceTitle "CBM 131 Extra"]
[Source "ChessBase"]
[SourceDate "2009.09.03"]
[SourceVersion "2"]
[SourceVersionDate "2009.09.16"]
[SourceQuality "1"]

1. d4 Nf6 2. c4 g6 3. Nc3 Bg7 4. e4 d6 5. f3 0-0 6. Be3 Nbd7 7. Qd2 c5 8. d5 Re8 9. g4 Ne5 10. h4 h5 11. g5 Nfd7 12. Be2 Nb6 13. b3 Rb8 14. Nh3 a6 15. Nf2 Na8 16. f4 Nd7 17. a4 Qa5 18. Rc1 Nc7 19. 0-0 e6 20. Rfe1 Qb4 21. Bd1 b5 22. Nd3 Qa5 23. axb5 axb5 24. Nb1 Qa6 25. Qc2 Nb6 26. Nd2 exd5 27. exd5 Bf5 28. Nf1 bxc4 29. bxc4 Ncxd5 30. cxd5 Bxd3 31. Qf2 Nxd5 32. Bf3 Nxe3 33. Nxe3 Rb2 34. Qg3 Bd4 35. Bd5 Re2 0-1

[Event "St Veit op-A 27th"]
[White "Hartl, Daniel"]
[Black "Schober, Michael"]
[Site "St Veit"]
[Round "1"]
[Result "1-0"]
[Date "2008.07.05"]
[WhiteElo "2102"]
[BlackElo "1911"]
[PlyCount "65"]
[EventDate "2008.07.05"]
[EventType "swiss"]
[EventRounds "9"]
[EventCountry "AUT"]
[SourceTitle "CBM 125 Extra"]
[Source "ChessBase"]
[SourceDate "2008.09.01"]
[SourceVersion "1"]
[SourceVersionDate "2008.09.01"]
[SourceQuality "1"]

1. e4 c5 2. Nf3 d6 3. d4 cxd4 4. Nxd4 Nf6 5. Nc3 a6 6. Bg5 e6 7. f4 Be7 8. Qf3 0-0 9. 0-0-0 Qc7 10. g4 Nc6 11. Nb3 Rb8 12. Bxf6 Bxf6 13. g5 Bd8 14. Rg1 f6 15. h4 Kh8 16. Bd3 f5 17. exf5 exf5 18. Nd5 Qd7 19. Rge1 b5 20. Qf2 Qf7 21. Bf1 Bb7 22. Bg2 a5 23. Rd2 a4 24. Nd4 Ba5 25. c3 b4 26. Nxc6 Bxc6 27. Re7 Qg8 28. Qd4 bxc3 29. bxc3 Rbe8 30. Nf6 gxf6 31. gxf6 Rf7 32. Bxc6 Ref8 33. Rg2 1-0